00378nam a22001217a 450000500170000000800410001708200170005810000300007524500570010526000200016230000130018250000610019520250612023731.0250612b |||||||| |||| 00| 0 eng d 222a305bSri aCentre for women research akantha dashaka saha Sri Lanka kanthawange prakathiya aColombobCENWOR a254 p ., aThe Decade of women and the progress of Sri Lankan women